Tìm hiểu một số địa danh cổ ở An Giang qua truyền thuyết Dấu ấn văn hóa- Lịch sử địa phương

Đã lưu trong:
書目詳細資料
主要作者: Nguyễn Hữu Hiệp
格式: 圖書
語言:Vietnamese
出版: H. Lao động 2011
叢編:ĐTTS ghi: Hội văn nghệ dân gian Việt Nam
標簽: 添加標簽
沒有標簽, 成為第一個標記此記錄!
Thư viện lưu trữ: Mạng thư viện Đại học Đà Nẵng
LEADER 01028nam a2200277 4500
001 000016082
003 12472
005 20120719090720.0
008 120719s2011 viesd
041 0 |a vie 
082 |a 910.959791  |b NG-H 
100 0 |a Nguyễn Hữu Hiệp 
245 0 |a Tìm hiểu một số địa danh cổ ở An Giang qua truyền thuyết  |b Dấu ấn văn hóa- Lịch sử địa phương  |c Nguyễn Hữu Hiệp 
260 |a H.  |b Lao động  |c 2011 
300 |a 422 tr.  |c 21 cm. 
490 |a ĐTTS ghi: Hội văn nghệ dân gian Việt Nam 
OWN |a LSP 
AVA |a UDN50  |b LSP  |d 910.959791 NG-H  |e available  |t Error 5001 Not defined in file expand_doc_bib_avail.  |f 1  |g 0  |h N  |i 0  |k 1 
999 |a From the UDN01 
AVA |a UDN50  |b LSP  |d 910.959791 NG-H  |e available  |t Error 5001 Not defined in file expand_doc_bib_avail.  |f 1  |g 0  |h N  |i 0  |k 1 
TYP |a Monograph 
TYP |a Printed language 
980 |a Mạng thư viện Đại học Đà Nẵng